Top 30 Best Football Midfielders of All Time - Statistics

General Stats
  • This quiz has been taken 69 times
  • The average score is 21 of 30
Answer Stats
Top Midfielder Nationality % Correct
8 Luka Modrić Croatia
100%
5 Xavi Spain
100%
1 Zinedine Zidane France
100%
4 Andrés Iniesta Spain
98%
2 Diego Maradona Argentina
95%
3 Johan Cruyff Netherlands
93%
9 Andrea Pirlo Italy
91%
22 Kevin De Bruyne Belgium
88%
12 Steven Gerrard England
86%
11 Frank Lampard England
84%
15 Sergio Busquets Spain
84%
6 Michel Platini France
75%
21 Toni Kroos Germany
75%
18 Roy Keane Ireland
73%
10 Lothar Matthäus Germany
70%
13 Paul Scholes England
70%
17 Patrick Vieira France
68%
23 Bastian Schweinsteiger Germany
66%
19 Kaká Brazil
59%
16 N'Golo Kanté France
59%
20 Ronaldinho Brazil
59%
7 Zico Brazil
59%
24 Frank Rijkaard Netherlands
54%
14 Claude Makélélé France
52%
25 Clarence Seedorf Netherlands
50%
29 Deco Portugal
50%
27 Xabi Alonso Spain
50%
28 Michael Ballack Germany
39%
26 Edgar Davids Netherlands
34%
30 Juan Román Riquelme Argentina
21%
No matching quizzes found
Score Distribution
Percent of People with Each Score
Percentile by Number Answered
Your Score History
You have not taken this quiz